Loading...
| History - World | 0 | 9 | 2 | 1 | 80 | 57 | 109.67 | 1 | 2 | 0.00 | 0.00 |
| History - Other | 0 | 8 | 3 | 1 | 65 | 44 | 103.13 | 1 | 2 | 0.00 | 0.00 |
| Religion | 0 | 7 | 1 | 2 | 65 | 76 | 115.14 | 2 | 2 | 0.00 | 0.00 |
| Science - Physics | 0 | 6 | 1 | 3 | 55 | 78 | 112.83 | 0 | 1 | 0.00 | 0.00 |
| Current Events | 0 | 5 | 0 | 0 | 50 | 56 | 95.20 | 1 | 1 | 0.00 | 0.00 |
| Mythology | 0 | 5 | 0 | 0 | 50 | 38 | 91.40 | 1 | 1 | 0.00 | 0.00 |
| Science - Other | 0 | 4 | 1 | 0 | 35 | 88 | 108.50 | 0 | 1 | 0.00 | 0.00 |
| Literature - World | 0 | 3 | 0 | 1 | 30 | 101 | 126.33 | 0 | 1 | 0.00 | 0.00 |
| History - American | 0 | 3 | 0 | 1 | 30 | 116 | 123.33 | 0 | 0 | 0.00 | 0.00 |
| History - European | 0 | 4 | 4 | 1 | 20 | 83 | 115.00 | 0 | 1 | 0.00 | 0.00 |
| Social Science | 0 | 2 | 2 | 0 | 10 | 99 | 99.50 | 0 | 1 | 0.00 | 0.00 |
| Geography | 0 | 2 | 2 | 0 | 10 | 93 | 114.00 | 0 | 0 | 0.00 | 0.00 |
| Literature - British | 0 | 1 | 0 | 0 | 10 | 30 | 30.00 | 0 | 1 | 0.00 | 0.00 |
| Other Academic | 0 | 1 | 0 | 0 | 10 | 95 | 95.00 | 0 | 1 | 0.00 | 0.00 |
| Science - Chemistry | 0 | 1 | 0 | 1 | 10 | 125 | 125.00 | 0 | 0 | 0.00 | 0.00 |
| Fine Arts - Painting & Sculpture | 0 | 1 | 1 | 0 | 5 | 135 | 135.00 | 0 | 0 | 0.00 | 0.00 |
| Fine Arts - Other | 0 | 0 | 0 | 0 | 0 | 0.00 | 0 | 0 | 0.00 | 0.00 |